عرض عادي عرض مارك
  • الطناحي، محمود محمد،

مدخل إسم شخص

عدد التسجيلات المستخدمة في: 2

001 - رقم الضبط

  • حقل الضبط: 21928

003 - معرف رقم الضبط

  • حقل الضبط: OSt

005 - تاريخ ووقت أخر عملية

  • حقل الضبط: 20130228150124.0

008 - عناصر بيانات ثابتة الطول

  • حقل تحكم ثابت الطول: 130228|||a|||||| | ||| d

040 ## - مصدر الفهرسة

  • هيئة الفهرسة الأصلية: OSt
  • وكالة الكتابة: OSt

100 ## - مدخل -- أسم شخص

  • إسم شخص: الطناحي، محمود محمد،
  • تواريخ مرتبطة بالاسم: 1935-1999.

670 ## - بيانات المصدر موجوده

  • الاستشهاد بالمصدر: Work cat.: (OSt): الطناحي، محمود محمد، 1935-1999., الموجز في مراجع التراجم والبلدان والمصنفات وتعريفات العلوم /, 1985